00749 2200277 4500001002100000005001500021035002000036007000300056040001700059245004100076300002900117020002100146041000800167084001700175090002200192264003800214336002100252337003000273338002300303650001500326850001000341008004100351700003300392990002300425990002300448INLIS00000000000872020260518101804 a0010-1022000095ta aSBPUPADbind aLimbah Kayu /cPenyunting, M. Sofyan a30 hlm. :bilus. ;c21cm a978-602-879-40-90 aind a674.84 TIM l a633.7 SUS t L18-8 a.--Jakarta :bRizky Grafis,c2008 2rdacontentateks 2rdamediaatanpa perantara 2rdacarrieravolume 4aAgrikultur aPUPAD260518 0 0 aPenulis, Tim PPLHePengarang a8900/H/KAPD-PDG/09 a8897/H/KAPD-PDG/09